00442 2200193 4500001002100000005001500021008004100036020001500077035001900092041000700111082000800118090001600126100001700142700001200159245002500171260001600196300002600212650001000238INLIS00000000000650520241224113313241224||||||||| | ||| |||| || |  a9786021246 0010-1224006505 aid0 a910 a910.4 TRI n0 aIkhdah Henny0 aTrinity00aThe Naked Traveler 3 bMizanc2014 aviii+292 hlm; 20,5 cm 0afiksi